Über die Konvergenz von Funktionenfolgen

Elmentve itt :
Bibliográfiai részletek
Szerző: Haar Alfréd
Dokumentumtípus: Cikk
Megjelent: 1923
Sorozat:Acta litterarum ac scientiarum Regiae Universitatis Hungaricae Francisco-Josephinae : Sectio scientiarum mathematicarum 1
Kulcsszavak:Természettudomány, Matematika, Művelődés
Online Access:http://acta.bibl.u-szeged.hu/13290
LEADER 00710nab a2200181 i 4500
001 acta13290
005 20210531155918.0
008 161015s1923 hu o 0|| ger d
022 |a 0324-5462 
040 |a SZTE Egyetemi Kiadványok Repozitórium  |b hun 
041 |a ger 
100 1 |a Haar Alfréd 
245 1 0 |a Über die Konvergenz von Funktionenfolgen  |h [elektronikus dokumentum] /  |c  Haar Alfréd 
260 |c 1923 
300 |a 167-179 
490 0 |a Acta litterarum ac scientiarum Regiae Universitatis Hungaricae Francisco-Josephinae : Sectio scientiarum mathematicarum  |v 1 
695 |a Természettudomány, Matematika, Művelődés 
856 4 0 |u http://acta.bibl.u-szeged.hu/13290/1/math_001_167-179.pdf  |z Dokumentum-elérés